A szászrégeni magyar műkedvelő színjátszásról
Elmentve itt :
| Szerző: | |
|---|---|
| Adatforrás: | Meister |
| Forrásdokumentuma: | Művelődés. - 4 sz., 1994, 44-46 p. |
| Nyelv: | magyar |
| Kulcsszavak: | várostörténet művelődéstörténet színháztörténet intézménytörténet színjátszás (amatőr) Szászrégen |
| LEADER | 00532nab a2200181 i 4500 | ||
|---|---|---|---|
| 001 | bibPRO00000937 | ||
| 008 | 060524s1994 xx hun | ||
| 040 | |a Sz1 | ||
| 041 | |a hun | ||
| 100 | 1 | |a BÍRÓ Donát | |
| 245 | 1 | 2 | |a A szászrégeni magyar műkedvelő színjátszásról |c BÍRÓ Donát |
| 695 | |a várostörténet | ||
| 695 | |a művelődéstörténet | ||
| 695 | |a színháztörténet | ||
| 695 | |a intézménytörténet | ||
| 695 | |a színjátszás (amatőr) | ||
| 695 | |a Szászrégen | ||
| 773 | 0 | |t Művelődés. - |g 4 sz., 1994, 44-46 p. | |